000 01022cam a2200277 a 4500
001 4801403
003 ARRUPE
005 20150423130354.0
008 880412s1989 mau b s000 0 eng
010 _a 88014692
020 _a0870236415 (alk. paper) :
_c$40.00
020 _a0870236423 (pbk. : alk. paper) :
_c$12.95
040 _aDLC
_cDLC
_dOCoLC
_dDLC
050 0 0 _aPN94
_b.C69 1989
082 0 0 _a801/.95/0904
_219
245 0 0 _aContemporary literary theory /
_cedited by G. Douglas Atkins and Laura Morrow.
260 _aAmherst :
_bUniversity of Massachusetts Press,
_c1989.
300 _axiv, 249 p. ;
_c24 cm.
504 _aIncludes bibliographies.
650 0 _aCriticism
_y20th century.
_915911
700 1 _aAtkins, G. Douglas
_q(George Douglas),
_d1943-
_915912
_eed.
700 1 _aMorrow, Laura,
_d1953-
_915913
_eed.
906 _a7
_bcbc
_corignew
_d1
_eocip
_f19
_gy-gencatlg
942 _2lcc
_cMONOGRAPH
999 _c122310
_d122310